Les romans des Désastreuses Aventures des Orphelins Baudelaire - Statistiques

Statistiques générales
  • Ce quiz a été pris 45 fois
  • Le résultat moyen est 6 sur 13
Statistiques - réponses
# Année Titre original Livre % Correct
13 2006 The End La Fin
90%
1 1999 The Bad Beginning Tout commence mal...
70%
12 2005 The Penultimate Peril Le Pénultième Péril
60%
10 2003 The Slippery Slope La Pente glissante
53%
2 1999 The Reptile Room Le Laboratoire aux serpents
50%
5 2000 The Austere Academy Piège au collège
47%
11 2004 The Grim Grotto La Grotte Gorgone
43%
3 2000 The Wide Window Ouragan sur le lac
43%
8 2001 The Hostile Hospital Panique à la clinique
43%
6 2001 The Ersatz Elevator Ascenseur pour la peur
40%
9 2002 The Carnivorous Carnival La Fête féroce
40%
7 2001 The Vile Village L'Arbre aux corbeaux
33%
4 2000 The Miserable Mill Cauchemar à la scierie
30%
Aucun quiz correspondant
Distribution des résultats
% des personnes avec chaque résultat
Percentile par nombre de réponses
Votre historique - résultats
Vous n’avez pas pris ce quiz